000 01438nam a2200301 a 4500
001 BRCA_2428
005 20190320203814.0
008 141108s1782----sp-a---###---#000-0#spa-u
041 _aspa
044 _asp
084 _a070
_b.M376
_c1782
100 1 _aCervantes Saavedra, Miguel de
_d1547-1616
_9213
245 1 0 _aVida y hechos del Ingenioso Caballero Don Quixote de la Mancha
_ccompuesto por Miguel de Cervantes Saavedra.
260 _aMadrid
_bManuel Martin
_c1782
300 _a4 v.
_bil.
_c16 cm.
500 _aContenido : v 1. Primera parte. Dedicatoria de Cide Hamete Benengeli. Algunos versos preliminares. Prólogo del autor. Texto. -- v 2. Texto. -- v 3. Segunda parte. Versos preliminares. Poesías de los académicos de Argamacilla. Prólogo del autor. Texto. -- v 4. Texto
500 _aEdición : Nueva edición. Corregida e ilustrada con 44 estampas. Dedicada al mismo D. Quixote
500 _aEjemplar por completo igual al LO-069. Piel; lomeras adornadas con filetes dorados Lúdovik Osterc
500 _aCon ex-libris de : Robert Washington Vates
500 _aQM57
650 1 4 _aNovela española
_yÉpoca clásica, 1500-1700
_9215
650 1 4 _aLiteratura española
_yÉpoca clásica, 1500-1700
_9216
650 1 4 _aNovela española
_ySiglo XVII
_9217
650 1 4 _aDon Quijote (Personaje ficticio)
_eNovela
_9218
740 0 _aEl Ingenioso Hidalgo Don Quijote de la Mancha
902 _aQFM
942 _2lcc
_cB
999 _c2169
_d2169